000 00427 a2200169 4500
999 _c5069
_d5069
020 _a9781444921205
050 _aPZ7 DON 2015
100 _a Donnelly, Jennifer
_eauthor
245 _aDeep blue /
_cJennifer Donnelly
264 _aLondon :
_bHodder Children's Books,
_c2015
300 _a360pg . :
440 _aWaterfire saga,
500 _anovel
650 _aHavfruer
651 _aHavfruer
942 _2lcc
_cBK
_h7
_iDON
_kPZ